1272 1059 1813 1140 1299 1305 1496 1092 1958 1984 1339 1109 1202 1017 1852 1223 1767 1788 1869 1671 1127 1691 1302 1902 1429 1999 1367 1245 1783 1953 1844 1758 1459 1191 1473 1495 1839 1223 1970 1401 1009 1167 1508 1946 1675 1925 1073 1130 1226 1860 1183 1299 1541 1163 1648 1910 1965 1033 1489 1764 1877 1683 1370 1483 1135 1295 1698 1340 1117 1749 1067 1423 1735 1506 1435 1388 1959 1261 1885 1926 1086 1338 1816 1022 1181 1699 1430 1282 1578 1389 1058 1323 1849 1345 1328 1754 1491 1198 1771 BCNSPRNW ULIB Ver.6.0+V

เปลี่ยนเป็นภาษาไทย

Change to English
 แสดงรายละเอียดบรรณานุกรม
  กลับหน้าหลัก

Brief Record : Get Marc (ISO 2709) : E-mail record : QR code < ปิดหน้าต่าง
LEADER : 00000nam 2200000uu 4500
001    13399126071
003     ULIB
008    180525s2555||||th 000 0 tha d
020    ^a9786167742014
040    ^absi
060 04 ^aW62^bส713ท
100 0  ^aสำลี ใจดี
245 00 ^aทักษะการสื่อสารกับผู้ป่วย /^cบรรณาธิการ,สำลี ใจดี
250    ^aพิมพ์ครั้งที่ 1
260    ^aกรุงเทพฯ :^bมูลนิธิเพื่อเด็กพิการ,^c2555
300    ^a60 หน้า :^bภาพประกอบ ;^c26 ซม.
500    ^aทักษะการสื่อสารกับผู้ป่วย (การปฏิบัติต่อผู้ป่วย)เป็นตำราพื้นฐานในการเรียนหลักสูตรการประกอบโรคศิลปะสาขาการแพทย์แผนไทย ประเภทการนวดไทย (หมอนวดไทย)ตามพระราชบัญญัติการประกอบโรคศิลปะ พ.ศ. 2542
650  4 ^aการสื่อสารกับผู้ป่วย
650  4 ^aการสื่อสารทางการแพทย์
650  4 ^aการแพทย์แผนไทย
710 2  ^aมูลนิธิเพื่อเด็กพิการ
710 2  ^aมูลนิธิสาธารณสุขกับการพัฒนา
710 2  ^aมูลนิธิพัฒนาการแพทย์แผนไทย
945    ^p40^l0^i003995
945    ^p40^l0^i003996
945    ^p40^l0^i003997
945    ^p40^l0^i003998
945    ^p40^l0^i003999
999    ^aประนอม เกษจรัล
รายการนี้ยังไม่มีแท็ก
คุณยังไม่ได้ล็อกอิน คุณสามารถมีกิจกรรมร่วมกับเว็บไซต์ได้ แต่ต้องล็อกอินก่อน ::
  ล็อกอิน

รายการสื่อสารสนเทศ

ลำดับที่ ประเภท เลขเรียก/บาร์โค้ด สถานที่ สถานะ
1. หนังสือสำรอง
หนังสือสำรอง
W62 ส713ท ฉ.1 
  Barcode: 003995
ห้องสมุดวิทยาเขตสวรรค์ประชารักษ์
►ส่วนจัดเก็บหนังสือเก่า สปร
บนชั้น
  ขอยืม
2. วิทยาศาสตร์การแพทย์ และสุขภาพ
วิทยาศาสตร์การแพทย์ และสุขภาพ
W62 ส713ท ฉ.2 
  Barcode: 003996
ห้องสมุดวิทยาเขตสวรรค์ประชารักษ์
►ส่วนจัดเก็บหนังสือเก่า สปร
บนชั้น
  ขอยืม
3. วิทยาศาสตร์การแพทย์ และสุขภาพ
วิทยาศาสตร์การแพทย์ และสุขภาพ
W62 ส713ท ฉ.3 
  Barcode: 003997
ห้องสมุดวิทยาเขตสวรรค์ประชารักษ์
►ส่วนจัดเก็บหนังสือเก่า สปร
บนชั้น
  ขอยืม
4. วิทยาศาสตร์การแพทย์ และสุขภาพ
วิทยาศาสตร์การแพทย์ และสุขภาพ
W62 ส713ท ฉ.4 
  Barcode: 003998
ห้องสมุดวิทยาเขตสวรรค์ประชารักษ์
►ส่วนจัดเก็บหนังสือเก่า สปร
บนชั้น
  ขอยืม
5. วิทยาศาสตร์การแพทย์ และสุขภาพ
วิทยาศาสตร์การแพทย์ และสุขภาพ
W62 ส713ท ฉ.5 
  Barcode: 003999
ห้องสมุดวิทยาเขตสวรรค์ประชารักษ์
►ส่วนจัดเก็บหนังสือเก่า สปร
บนชั้น
  ขอยืม

รายการใกล้เคียง
    ผู้แต่ง [สำลี ใจดี]

    หัวเรื่อง [การสื่อสารกับผู้ป่วย]
    หัวเรื่อง [การสื่อสารทางการแพทย์]
    หัวเรื่อง [การแพทย์แผนไทย]

BibComment


ยังไม่เคยถูกคอมเมนท์

คอมเมนท์ทรัพยากรรายการนี้
  คอมเมนท์: ทักษะการสื่อสารก..


 Copyright 2026. Bcnsprnw @Library